Famous women
Enregistré dans:
| Auteur principal: | |
|---|---|
| Autres auteurs: | |
| Format: | Livre |
| Langue: | anglais latin |
| Publié: |
Cambridge, Massachusetts, USA.
Harvard University Press
2001.
|
| Collection: | The I Tatti Renaissance Library
|
| Sujets: | |
| Tags: |
Ajouter un tag
Pas de tags, Soyez le premier à ajouter un tag!
|
MARC
| LEADER | 00000cam a2200000 a 4500 | ||
|---|---|---|---|
| 001 | 12221413 | ||
| 003 | CL-VaPUC | ||
| 005 | 20211019102002.0 | ||
| 008 | 001103s2001 mau b 001 0ceng | ||
| 999 | |c 423261 |d 423259 | ||
| 010 | |a 00053492 | ||
| 020 | |a 0674003470 (alk. paper) | ||
| 040 | |a DLC |c Pontificia Universidad Católica de Valparaíso |d DLC | ||
| 041 | 1 | |a englat |h lat | |
| 042 | |a pcc | ||
| 082 | 0 | 0 | |a 920.72 BOC 2001 |2 21 |
| 100 | 1 | |a Boccaccio, Giovanni, |d 1313-1375. |9 856575 | |
| 245 | 1 | 0 | |a Famous women |
| 260 | |a Cambridge, Massachusetts, USA. |b Harvard University Press |c 2001. | ||
| 300 | |a 530 páginas | ||
| 440 | |a The I Tatti Renaissance Library |9 856576 |n 1 | ||
| 546 | |a Latin text with Italian translation. | ||
| 583 | |c 20200611 | ||
| 650 | 0 | |a Mujeres |v Biografías |9 257649 | |
| 700 | 1 | |a Brown, Virginia, |d 1940- |e editora |e traductora |9 856578 | |
| 942 | |2 ddc |c BK | ||
| 952 | |0 0 |1 0 |2 ddc |4 0 |6 920_720000000000000_BOC_2001 |7 0 |8 A |9 576546 |a BIBHIS |b BIBHIS |d 2020-06-08 |e 3 |g 25172.00 |i 5576067 |o 920.72 BOC 2001 |p 5576067 |r 2025-01-20 |t 1 |v 25172.00 |w 2020-06-08 |y BK |k HIS | ||